| 000 | 00403nam a22001697a 4500 | ||
|---|---|---|---|
| 005 | 20160616113715.0 | ||
| 008 | 160616b xxu||||| |||| 00| 0 eng d | ||
| 020 | _a978-81-7446-785-0 | ||
| 041 | _aeng | ||
| 082 | _b7946 | ||
| 100 |
_aVerma, K.K. Pandi Kumar MP _92080 |
||
| 245 | _aAccounting for Managers | ||
| 260 |
_bExcel book _c2010 |
||
| 300 | _a395 | ||
| 650 |
_aManagement _9241 |
||
| 942 | _cBK | ||
| 999 |
_c2915 _d2914 |
||